Biggest City In Each Country Quiz Stats

 Plays Quiz not verified by Sporcle

Score 0/197 Timer 20:00
1 Play Today
Country City % Correct
AustraliaSydney
88.8%
JapanTokyo
87.4%
ItalyRome
87.3%
FranceParis
87.3%
ArgentinaBuenos Aires
87%
GermanyBerlin
86.4%
BelgiumBrussels
86.3%
GreeceAthens
85.9%
AustriaVienna
85.8%
AfghanistanKabul
85.3%
United States of AmericaNew York City
84.6%
MexicoMexico City
84.5%
RussiaMoscow
84.4%
United KingdomLondon
84.4%
IrelandDublin
83.7%
CanadaToronto
83.6%
South KoreaSeoul
83.5%
EgyptCairo
82.2%
IsraelJerusalem
81.5%
NorwayOslo
81.4%
SpainMadrid
81.3%
AlgeriaAlgiers
80.8%
DenmarkCopenhagen
80.8%
CubaHavana
80.6%
PortugalLisbon
80.2%
FinlandHelsinki
80.1%
HungaryBudapest
80.1%
ChileSantiago
79.5%
ChinaShanghai
79.4%
JamaicaKingston
78.6%
NetherlandsAmsterdam
78.4%
IraqBaghdad
78.3%
PolandWarsaw
78.3%
PeruLima
78.2%
CzechiaPrague
78%
SwedenStockholm
77.5%
IndiaMumbai
77.2%
IranTehran
76.9%
Vatican CityVatican City
76.7%
IndonesiaJakarta
76.4%
BulgariaSofia
76.3%
BrazilSão Paulo
76.1%
MonacoMonaco
76.1%
PanamaPanama City
75.1%
BelarusMinsk
75%
TurkeyIstanbul
74.9%
North KoreaPyongyang
74.7%
LuxembourgLuxembourg
74.4%
ColombiaBogotá
74.3%
SingaporeSingapore
73.8%
KenyaNairobi
73.5%
IcelandReykjavik
73.3%
CroatiaZagreb
73.2%
LatviaRiga
72.9%
AndorraAndorra la Vella
72.7%
RomaniaBucharest
72.7%
UkraineKyiv
72.1%
AlbaniaTirana
72%
South AfricaCape Town
71.9%
Bosnia and HerzegovinaSarajevo
71.6%
HaitiPort-au-Prince
71.3%
ThailandBangkok
71.1%
GuatemalaGuatemala City
70.9%
El SalvadorSan Salvador
70.3%
AzerbaijanBaku
69.9%
BangladeshDhaka
69.8%
Country City % Correct
BahamasNassau
69.2%
EstoniaTallinn
69.1%
VenezuelaCaracas
69%
TunisiaTunis
67.6%
MalaysiaKuala Lumpur
67.5%
LibyaTripoli
67.1%
TaiwanTaipei
67.1%
NigeriaLagos
66.9%
SwitzerlandZürich
66.8%
United Arab EmiratesDubai
66.6%
EthiopiaAddis Ababa
66.2%
DjiboutiDjibouti
65.9%
SerbiaBelgrade
65.9%
UruguayMontevideo
65.9%
New ZealandAuckland
65.8%
LebanonBeirut
65.6%
CyprusNicosia
65.5%
Saudi ArabiaRiyadh
65.4%
LithuaniaVilnius
65.2%
MoroccoCasablanca
63.8%
JordanAmman
63.5%
NepalKathmandu
63.3%
Costa RicaSan José
63.2%
SlovakiaBratislava
63.2%
Democratic Republic of the CongoKinshasa
63.2%
QatarDoha
61.9%
ArmeniaYerevan
61.6%
AngolaLuanda
61.4%
Dominican RepublicSanto Domingo
61.1%
GuyanaGeorgetown
60.9%
CambodiaPhnom Penh
60.7%
SenegalDakar
60.7%
VietnamHo Chi Minh City
60.7%
ParaguayAsunción
60.3%
GhanaAccra
59.7%
KosovoPristina
59.4%
SomaliaMogadishu
59.4%
PakistanKarachi
59.4%
MongoliaUlaanbaatar
58.7%
GeorgiaTbilisi
57.9%
Sierra LeoneFreetown
57.9%
SudanKhartoum
57.7%
North MacedoniaSkopje
57.5%
SloveniaLjubljana
57.2%
Republic of CongoBrazzaville
57.1%
NicaraguaManagua
57.1%
KyrgyzstanBishkek
56.5%
OmanMuscat
55.7%
LiberiaMonrovia
55.5%
MoldovaChișinău
55.4%
Guinea-BissauBissau
55.4%
HondurasTegucigalpa
54.8%
Papua New GuineaPort Moresby
54.2%
BahrainManama
53.6%
NamibiaWindhoek
53.6%
Sri LankaColombo
53.5%
MontenegroPodgorica
53.1%
BarbadosBridgetown
53%
MadagascarAntananarivo
52.9%
ZimbabweHarare
52.8%
MaldivesMalé
52.8%
BelizeBelize City
52.4%
YemenSana'a
52.3%
LaosVientiane
51.6%
Timor-LesteDili
51.3%
UzbekistanTashkent
51%
Country City % Correct
FijiSuva
50.8%
South SudanJuba
50.3%
Saint Vincent and the GrenadinesKingstown
49.7%
São Tomé and PríncipeSão Tomé
49.7%
BhutanThimphu
49.4%
UgandaKampala
49.2%
Antigua and BarbudaSt. John's
49%
RwandaKigali
48.6%
Burkina FasoOuagadougou
48.1%
TanzaniaDar es Salaam
47.6%
SyriaAleppo
47.1%
EritreaAsmara
47%
MaliBamako
46.9%
SeychellesVictoria
46.4%
SurinameParamaribo
46.3%
MozambiqueMaputo
46.2%
BotswanaGaborone
46.1%
TogoLomé
45.4%
ChadN'Djamena
45.2%
KazakhstanAlmaty
45.1%
Cabo VerdePraia
44.8%
Central African RepublicBangui
44.8%
ZambiaLusaka
44.7%
GabonLibreville
44.6%
NigerNiamey
44.5%
SamoaApia
43.2%
TajikistanDushanbe
42.5%
TurkmenistanAshgabat
42.5%
BruneiBandar Seri Begawan
42.4%
GrenadaSt. George's
42.4%
BurundiBujumbura
41.4%
DominicaRoseau
41.3%
MalawiLilongwe
40.2%
Côte d'IvoireAbidjan
40.2%
PhilippinesQuezon City
39.2%
MyanmarYangon
38.9%
ComorosMoroni
38.7%
LesothoMaseru
38.2%
MauritiusPort Louis
38.2%
MauritaniaNouakchott
38%
Saint LuciaCastries
37.5%
EcuadorGuayaquil
35.3%
NauruYaren
35.3%
Saint Kitts and Nevis Basseterre
34.5%
TuvaluFunafuti
33.1%
Solomon IslandsHoniara
32.9%
VanuatuPort Vila
31.9%
KiribatiTarawa
31.7%
Marshall IslandsMajuro
31%
TongaNukuʻalofa
29.3%
BoliviaSanta Cruz de la Sierra
27.2%
CameroonDouala
27.1%
BeninCotonou
22.3%
LiechtensteinSchaan
19.6%
PalestineEast Jerusalem
18.7%
GuineaConakry
18.3%
MaltaBirkirkara
16.5%
PalauKoror
13.9%
San MarinoSerravalle
12.7%
Equatorial GuineaBata
12.7%
The GambiaSerekunda
9.7%
MicronesiaWeno
8.3%
Trinidad and TobagoChaguanas
8.3%
eSwatiniManzini
8%
KuwaitAl Ahmadi
6.3%

You're not logged in!

Compare scores with friends on all Sporcle quizzes.
OR
Log In

Show Comments

Extras

Top Quizzes Today


Score Distribution

Your Account Isn't Verified!

In order to create a playlist on Sporcle, you need to verify the email address you used during registration. Go to your Sporcle Settings to finish the process.

Report this User

Report this user for behavior that violates our Community Guidelines.

Details: